Tvorba umelcov Trenčianskeho regiónu Oblastná galéria M. A. Bazovského v Trenčíne
Zobrazenie: fotografie umeleckých diel
| Main Author: | |
|---|---|
| Other Authors: | |
| Format: | Photo |
| Language: | Slovak Russian German |
| PhysicalDescription: | 1 súbor pohľadníc (9 pohľadníc) fareb. v prebale 15 x 11 cm |
| Published: |
Bratislava
Vydavateľstvo ČSTK Pressfoto
1983
|
| Subjects: |
MARC
| LEADER | 00000nkm a2200000 a 4500 | ||
|---|---|---|---|
| 001 | vtls011728985 | ||
| 003 | SK-MaSNL | ||
| 005 | 20260331210250.0 | ||
| 007 | kf co | ||
| 008 | 231206s1983 xo g 00 kuslo | ||
| 015 | |a SNBG2018 | ||
| 020 | |q (brož.) | ||
| 040 | |a SNK |b slo |c SNK |e AACR2 | ||
| 041 | |a slo |a rus |a ger | ||
| 043 | |a e-xo--- | ||
| 044 | |a xo |c SK | ||
| 080 | |a 72/76:069 |2 2011 | ||
| 080 | |a 72/76.071.1 |2 2011 | ||
| 080 | |a 72/76(437.6) |2 2011 | ||
| 080 | |a 7.036/.038 |2 2011 | ||
| 080 | |a (089.7)72/76 |2 2011 | ||
| 080 | |a (089.7) |2 2011 | ||
| 080 | |a 72/76:069.5 |2 2011 | ||
| 080 | |a (437.6) |2 2011 | ||
| 080 | |a (437.641) |2 2011 | ||
| 100 | 1 | |a Kobza, Ladislav, |d 1942- |4 pht |9 243710 | |
| 245 | 1 | 0 | |a Tvorba umelcov Trenčianskeho regiónu |h grafika |b Oblastná galéria M. A. Bazovského v Trenčíne |c [foto: Ladislav Kobza] ; zostava a texty: Danica Lovišková |
| 260 | |a Bratislava |b Vydavateľstvo ČSTK Pressfoto |c 1983 | ||
| 300 | |a 1 súbor pohľadníc (9 pohľadníc) |b fareb. |c v prebale 15 x 11 cm | ||
| 500 | |a Vydané pre Oblastnú galériu M. A. Bazovského v Trenčíne | ||
| 520 | 8 | |a Zobrazenie: fotografie umeleckých diel | |
| 610 | 2 | 7 | |a Galéria M. A. Bazovského (Trenčín, Slovensko) |2 SNKKA |9 163389 |
| 650 | 0 | 7 | |a galérie |2 SNKPH |9 21513 |
| 650 | 0 | 7 | |a výtvarníci |2 SNKPH |9 118705 |
| 650 | 0 | 7 | |a slovenské výtvarné umenie |2 SNKPH |9 68597 |
| 650 | 0 | 7 | |a moderné umenie |2 SNKPH |9 68456 |
| 650 | 0 | 7 | |a umelecké zbierky |2 SNKPH |9 2982 |
| 651 | 7 | |a Stredné Považie (Slovensko : región) |2 SNKPH |9 69913 | |
| 651 | 7 | |a Trenčín (Slovensko) |2 SNKPH |9 159956 | |
| 655 | 7 | |a pohľadnice umeleckých diel |2 SNKPH |9 81593 | |
| 655 | 7 | |a súbory pohľadníc |2 SNKPH |9 295369 | |
| 700 | 1 | |a Lovišková, Danica |4 aut |4 com |9 5533 | |
| 958 | |a GC | ||
| 958 | |a GBN | ||
| 958 | |a OND | ||
| 999 | |c 1028517 |d 1030447 | ||
| 952 | |a SNK |b SNK |y PREZ |7 0 |p 17A1125914 |o snkOSE 5270 |i snk2017/28179 |8 1 |0 0 |1 0 |4 0 |d 2017-12-20 |l 0 |r 2026-02-24 13:46:20 |w 2026-02-24 | ||


